[Event "Stay Safe Play From Home 246"]
[Site "Emanuel Lasker Arena"]
[Date "2020.06.22"]
[Round "5"]
[White "Neco74"]
[Black "Don59as"]
[Result "1-0"]
[WhiteElo "2029"]
[BlackElo "2066"]
[Annotator "NA"]
[PlyCount "121"]
[EventDate "2020.06.22"]
[EventType "swiss (blitz)"]

1. b3 {[%emt 0:00:02]} d5 {[%emt 0:00:01]} 2. Bb2 {[%emt 0:00:00]} e6 {[%emt 0:00:00]} 3. e3 {[%emt 0:00:01]} Nf6 {[%emt 0:00:00]} 4. Nf3 {[%emt 0:00:00]} Be7 {[%emt 0:00:00]} 5. c4 {[%emt 0:00:01]} O-O {[%emt 0:00:01]} 6. Be2 {[%emt 0:00:01]} c5 {[%emt 0:00:01]} 7. d4 {[%emt 0:00:01]} Nc6 {[%emt 0:00:01]} 8. O-O {[%emt 0:00:01]} b6 {[%emt 0:00:00]} 9. dxc5 {[%emt 0:00:01]} bxc5 {[%emt 0:00:01]} 10. cxd5 {[%emt 0:00:01]} exd5 {[%emt 0:00:01]} 11. Nc3 {[%emt 0:00:01]} Be6 {[%emt 0:00:02]} 12. Rc1 {[%emt 0:00:02]} h6 {[%emt 0:00:01]} 13. Na4 {[%emt 0:00:02]} Qa5 {[%emt 0:00:10]} 14. Bc3 {[%emt 0:00:02]} Qc7 {[%emt 0:00:05]} 15. Bb2 {[%emt 0:00:03]} Qa5 {[%emt 0:00:03]} 16. Bc3 {[%emt 0:00:11]} Qd8 {[%emt 0:00:01]} 17. Bxf6 {[%emt 0:00:03]} Bxf6 {[%emt 0:00:08]} 18. Nxc5 {[%emt 0:00:00]} Rc8 {[%emt 0:00:13]} 19. Nxe6 {[%emt 0:00:03]} fxe6 {[%emt 0:00:00]} 20. Qd2 {[%emt 0:00:07]} Qb6 {[%emt 0:00:07]} 21. Rfd1 {[%emt 0:00:04]} Ne5 {[%emt 0:00:09]} 22. Nd4 {[%emt 0:00:08]} Nf7 {[%emt 0:00:13]} 23. Rxc8 {[%emt 0:00:09]} Rxc8 {[%emt 0:00:03]} 24. g3 {[%emt 0:00:09]} Bxd4 {[%emt 0:00:11]} 25. exd4 {[%emt 0:00:06]} Nd6 {[%emt 0:00:09]} 26. Bg4 {[%emt 0:00:05]} Ne4 {[%emt 0:00:01]} 27. Qe3 {[%emt 0:00:06]} Rc3 {[%emt 0:00:02]} 28. Qe1 {[%emt 0:00:06]} Rc2 {[%emt 0:00:24]} 29. f3 {[%emt 0:00:04]} Nf2 {[%emt 0:00:17]} 30. Qxe6+ {[%emt 0:00:29]} Qxe6 {[%emt 0:00:03]} 31. Bxe6+ {[%emt 0:00:01]} Kf8 {[%emt 0:00:01]} 32. Rf1 {[%emt 0:00:09]} Nd3 {[%emt 0:00:06]} 33. Bxd5 {[%emt 0:00:02]} Rxa2 {[%emt 0:00:02]} 34. Bc4 {[%emt 0:00:02]} Nb4 {[%emt 0:00:04]} 35. Rf2 {[%emt 0:00:01]} Ra1+ {[%emt 0:00:01]} 36. Kg2 {[%emt 0:00:01]} Ke7 {[%emt 0:00:01]} 37. Re2+ {[%emt 0:00:01]} Kd7 {[%emt 0:00:01]} 38. h4 {[%emt 0:00:01]} Rc1 {[%emt 0:00:02]} 39. Rd2 {[%emt 0:00:03]} Nc2 {[%emt 0:00:03]} 40. Kf2 {[%emt 0:00:03]} Nb4 {[%emt 0:00:02]} 41. d5 {[%emt 0:00:01]} Kd6 {[%emt 0:00:00]} 42. Ke3 {[%emt 0:00:01]} a5 {[%emt 0:00:00]} 43. Kf4 {[%emt 0:00:01]} Re1 {[%emt 0:00:01]} 44. g4 {[%emt 0:00:01]} Rc1 {[%emt 0:00:01]} 45. g5 {[%emt 0:00:01]} hxg5+ {[%emt 0:00:01]} 46. hxg5 {[%emt 0:00:01]} Nc2 {[%emt 0:00:00]} 47. Kf5 {[%emt 0:00:03]} Ne3+ {[%emt 0:00:01]} 48. Kg6 {[%emt 0:00:01]} Nxc4 {[%emt 0:00:01]} 49. bxc4 {[%emt 0:00:01]} Rxc4 {[%emt 0:00:00]} 50. Ra2 {[%emt 0:00:01]} Rc5 {[%emt 0:00:01]} 51. f4 {[%emt 0:00:01]} Rxd5 {[%emt 0:00:00]} 52. f5 {[%emt 0:00:01]} Ke7 {[%emt 0:00:01]} 53. f6+ {[%emt 0:00:02]} gxf6 {[%emt 0:00:00]} 54. gxf6+ {[%emt 0:00:01]} Kd6 {[%emt 0:00:00]} 55. f7 {[%emt 0:00:01]} Ke7 {[%emt 0:00:01]} 56. Re2+ {[%emt 0:00:03]} Kd7 {[%emt 0:00:01]} 57. f8=Q {[%emt 0:00:02]} Rd6+ {[%emt 0:00:00]} 58. Kg7 {[%emt 0:00:01]} Kc6 {[%emt 0:00:00]} 59. Qxd6+ {[%emt 0:00:01]} Kxd6 {[%emt 0:00:01]} 60. Ra2 {[%emt 0:00:00]} Kc5 {[%emt 0:00:00]} 61. Rxa5+ {[%emt 0:00:00] Time (Lag: Av=0.76s, max=1.1s)} 1-0

[Event "Stay Safe Play From Home 246"]
[Site "Emanuel Lasker Arena"]
[Date "2020.06.22"]
[Round "5"]
[White "Haxhi Baha"]
[Black "Haris kollari 13"]
[Result "0-1"]
[WhiteElo "1910"]
[BlackElo "1907"]
[Annotator "NA"]
[PlyCount "174"]
[EventDate "2020.06.22"]
[EventType "swiss (blitz)"]

1. e4 {[%emt 0:00:04]} b6 {[%emt 0:00:02]} 2. d4 {[%emt 0:00:02]} Bb7 {[%emt 0:00:00]} 3. Bd3 {[%emt 0:00:00]} g6 {[%emt 0:00:01]} 4. Qe2 {[%emt 0:00:13]} Bg7 {[%emt 0:00:01]} 5. c3 {[%emt 0:00:01]} d6 {[%emt 0:00:02]} 6. f4 {[%emt 0:00:01]} Nd7 {[%emt 0:00:01]} 7. Be3 {[%emt 0:00:01]} e6 {[%emt 0:00:01]} 8. Nd2 {[%emt 0:00:01]} Ne7 {[%emt 0:00:01]} 9. Ngf3 {[%emt 0:00:01]} c5 {[%emt 0:00:04]} 10. g4 {[%emt 0:00:02]} Qc7 {[%emt 0:00:02]} 11. h4 {[%emt 0:00:01]} h5 {[%emt 0:00:02]} 12. g5 {[%emt 0:00:01]} d5 {[%emt 0:00:09]} 13. e5 {[%emt 0:00:01]} Nf5 {[%emt 0:00:02]} 14. Bxf5 {[%emt 0:00:01]} exf5 {[%emt 0:00:01]} 15. Kf2 {[%emt 0:00:01]} O-O-O {[%emt 0:00:03]} 16. Kg3 {[%emt 0:00:01]} Nf8 {[%emt 0:00:02]} 17. a4 {[%emt 0:00:01]} Ne6 {[%emt 0:00:01]} 18. a5 {[%emt 0:00:02]} Kb8 {[%emt 0:00:04]} 19. axb6 {[%emt 0:00:01]} axb6 {[%emt 0:00:01]} 20. b3 {[%emt 0:00:08]} Rc8 {[%emt 0:00:03]} 21. Rhb1 {[%emt 0:00:06]} cxd4 {[%emt 0:00:02]} 22. Nxd4 {[%emt 0:00:06]} Qxc3 {[%emt 0:00:03]} 23. Nb5 {[%emt 0:00:05]} Qc6 {[%emt 0:00:09]} 24. Nd6 {[%emt 0:00:01]} d4 {[%emt 0:00:04]} 25. Bg1 {[%emt 0:00:14]} d3 {[%emt 0:00:02]} 26. Qf2 {[%emt 0:00:04]} Rcd8 {[%emt 0:00:04]} 27. Nxb7 {[%emt 0:00:02]} Qxb7 {[%emt 0:00:02]} 28. Qxb6 {[%emt 0:00:03]} Qxb6 {[%emt 0:00:02]} 29. Bxb6 {[%emt 0:00:00]} Rc8 {[%emt 0:00:01]} 30. Nc4 {[%emt 0:00:04]} Rc6 {[%emt 0:00:02]} 31. Be3 {[%emt 0:00:02]} Rhc8 {[%emt 0:00:01]} 32. Rd1 {[%emt 0:00:06]} Rd8 {[%emt 0:00:03]} 33. Rd2 {[%emt 0:00:02]} Bf8 {[%emt 0:00:02]} 34. Rad1 {[%emt 0:00:03]} Bb4 {[%emt 0:00:02]} 35. Rxd3 {[%emt 0:00:01]} Rxd3 {[%emt 0:00:02]} 36. Rxd3 {[%emt 0:00:00]} Kc7 {[%emt 0:00:01]} 37. Rd5 {[%emt 0:00:14]} Ra6 {[%emt 0:00:02]} 38. Rb5 {[%emt 0:00:07]} Be1+ {[%emt 0:00:06]} 39. Kf3 {[%emt 0:00:01]} Ra2 {[%emt 0:00:04]} 40. Nd6 {[%emt 0:00:02]} Nd8 {[%emt 0:00:07]} 41. Bb6+ {[%emt 0:00:06]} Kd7 {[%emt 0:00:01]} 42. Bxd8 {[%emt 0:00:00]} Rf2+ {[%emt 0:00:04]} 43. Ke3 {[%emt 0:00:01]} Kxd8 {[%emt 0:00:02]} 44. Nxf7+ {[%emt 0:00:02]} Kd7 {[%emt 0:00:00]} 45. Rb7+ {[%emt 0:00:03]} Kc6 {[%emt 0:00:03]} 46. Nd6 {[%emt 0:00:04]} Rb2 {[%emt 0:00:02]} 47. Rg7 {[%emt 0:00:11]} Rxb3+ {[%emt 0:00:03]} 48. Ke2 {[%emt 0:00:01]} Bxh4 {[%emt 0:00:01]} 49. Rxg6 {[%emt 0:00:01]} Bg3 {[%emt 0:00:00]} 50. Nxf5+ {[%emt 0:00:01]} Kd5 {[%emt 0:00:02]} 51. Nxg3 {[%emt 0:00:02]} Rxg3 {[%emt 0:00:00]} 52. Rd6+ {[%emt 0:00:01]} Ke4 {[%emt 0:00:01]} 53. e6 {[%emt 0:00:00]} Kxf4 {[%emt 0:00:01]} 54. e7 {[%emt 0:00:01]} Re3+ {[%emt 0:00:01]} 55. Kf2 {[%emt 0:00:01]} Rxe7 {[%emt 0:00:00]} 56. g6 {[%emt 0:00:07]} Rg7 {[%emt 0:00:01]} 57. Kg2 {[%emt 0:00:03]} Kg4 {[%emt 0:00:01]} 58. Kh2 {[%emt 0:00:01]} h4 {[%emt 0:00:01]} 59. Rc6 {[%emt 0:00:01]} Kg5 {[%emt 0:00:01]} 60. Kh3 {[%emt 0:00:01]} Kh5 {[%emt 0:00:01]} 61. Rc5+ {[%emt 0:00:01]} Kxg6 {[%emt 0:00:02]} 62. Kxh4 {[%emt 0:00:00]} Rd7 {[%emt 0:00:01]} 63. Rg5+ {[%emt 0:00:01]} Kf6 {[%emt 0:00:01]} 64. Rg4 {[%emt 0:00:00]} Rh7+ {[%emt 0:00:01]} 65. Kg3 {[%emt 0:00:00]} Ra7 {[%emt 0:00:00]} 66. Rf4+ {[%emt 0:00:00]} Kg5 {[%emt 0:00:00]} 67. Rf3 {[%emt 0:00:00]} Kh5 {[%emt 0:00:01]} 68. Kh3 {[%emt 0:00:00]} Rg7 {[%emt 0:00:01]} 69. Rg3 {[%emt 0:00:01]} Rf7 {[%emt 0:00:01]} 70. Re3 {[%emt 0:00:01]} Rf1 {[%emt 0:00:01]} 71. Re5+ {[%emt 0:00:00]} Kg6 {[%emt 0:00:01]} 72. Re3 {[%emt 0:00:00]} Ra1 {[%emt 0:00:01]} 73. Kg2 {[%emt 0:00:00]} Kf5 {[%emt 0:00:01]} 74. Kf3 {[%emt 0:00:00]} Rf1+ {[%emt 0:00:02]} 75. Ke2 {[%emt 0:00:00]} Ra1 {[%emt 0:00:01]} 76. Rf3+ {[%emt 0:00:00]} Kg5 {[%emt 0:00:00]} 77. Rd3 {[%emt 0:00:00]} Kg4 {[%emt 0:00:01]} 78. Ke3 {[%emt 0:00:00]} Re1+ {[%emt 0:00:01]} 79. Kd2 {[%emt 0:00:00]} Re7 {[%emt 0:00:00]} 80. Re3 {[%emt 0:00:01]} Rd7+ {[%emt 0:00:01]} 81. Ke2 {[%emt 0:00:00]} Ra7 {[%emt 0:00:00]} 82. Re4+ {[%emt 0:00:00]} Kg3 {[%emt 0:00:01]} 83. Re3+ {[%emt 0:00:00]} Kf4 {[%emt 0:00:00]} 84. Kd3 {[%emt 0:00:00]} Kg4 {[%emt 0:00:00]} 85. Re4+ {[%emt 0:00:01]} Kf3 {[%emt 0:00:02]} 86. Rc4 {[%emt 0:00:00]} Ra3+ {[%emt 0:00:02]} 87. Rc3 {[%emt 0:00:00]} Ra2 {[%emt 0:00:01]} 0-1

[Event "Stay Safe Play From Home 246"]
[Site "Emanuel Lasker Arena"]
[Date "2020.06.22"]
[Round "5"]
[White "Matanant"]
[Black "Germanicus G"]
[Result "1-0"]
[WhiteElo "1849"]
[BlackElo "1515"]
[Annotator "NA"]
[PlyCount "63"]
[EventDate "2020.06.22"]
[EventType "swiss (blitz)"]

1. e4 {[%emt 0:00:02]} e6 {[%emt 0:01:25]} 2. d4 {[%emt 0:00:07]} d5 {[%emt 0:00:00]} 3. Nd2 {[%emt 0:00:02]} dxe4 {[%emt 0:00:02]} 4. Nxe4 {[%emt 0:00:01]} Nd7 {[%emt 0:00:00]} 5. Nf3 {[%emt 0:00:02]} Ngf6 {[%emt 0:00:00]} 6. Ng3 {[%emt 0:00:03]} Be7 {[%emt 0:00:01]} 7. Bd3 {[%emt 0:00:02]} c5 {[%emt 0:00:01]} 8. O-O {[%emt 0:00:04]} cxd4 {[%emt 0:00:03]} 9. Nxd4 {[%emt 0:00:02]} O-O {[%emt 0:00:00]} 10. Nf3 {[%emt 0:00:07]} Nc5 {[%emt 0:00:02]} 11. Bb5 {[%emt 0:00:11]} Qb6 {[%emt 0:00:02]} 12. Bc4 {[%emt 0:00:04]} Bd7 {[%emt 0:00:04]} 13. a3 {[%emt 0:00:11]} Bb5 {[%emt 0:00:02]} 14. Qe2 {[%emt 0:00:10]} Bxc4 {[%emt 0:00:04]} 15. Qxc4 {[%emt 0:00:01]} Rac8 {[%emt 0:00:01]} 16. b4 {[%emt 0:00:07]} Ncd7 {[%emt 0:00:04]} 17. Qb3 {[%emt 0:00:03]} Qc6 {[%emt 0:00:07]} 18. Nd4 {[%emt 0:00:08]} Qc4 {[%emt 0:00:01]} 19. Bb2 {[%emt 0:00:14]} Nb6 {[%emt 0:00:07]} 20. Rac1 {[%emt 0:00:15]} Qxb3 {[%emt 0:00:04]} 21. Nxb3 {[%emt 0:00:05]} Nc4 {[%emt 0:00:02]} 22. Rb1 {[%emt 0:00:07]} Nd5 {[%emt 0:00:06]} 23. Ne4 {[%emt 0:00:16]} Nf4 {[%emt 0:00:11]} 24. Nec5 {[%emt 0:00:02]} b6 {[%emt 0:00:08]} 25. Nd3 {[%emt 0:00:03]} Nxb2 {[%emt 0:00:07]} 26. Rxb2 {[%emt 0:00:06]} Bf6 {[%emt 0:00:04]} 27. Ra2 {[%emt 0:00:03]} Ne2+ {[%emt 0:00:03]} 28. Kh1 {[%emt 0:00:02]} Nc3 {[%emt 0:00:01]} 29. Raa1 {[%emt 0:00:03]} Nd5 {[%emt 0:00:02]} 30. Rac1 {[%emt 0:00:02]} Rc3 {[%emt 0:00:03]} 31. g3 {[%emt 0:00:05]} Rfc8 {[%emt 0:00:01]} 32. Na1 {[%emt 0:00:05] Zeit (Lag: Av=0.55s, max=1.0s)} 1-0

[Event "Stay Safe Play From Home 246"]
[Site "Emanuel Lasker Arena"]
[Date "2020.06.22"]
[Round "5"]
[White "Tustintin"]
[Black "Dukic"]
[Result "0-1"]
[WhiteElo "1678"]
[BlackElo "1786"]
[Annotator "NA"]
[PlyCount "62"]
[EventDate "2020.06.22"]
[EventType "swiss (blitz)"]

1. d4 {[%emt 0:00:04]} e5 {[%emt 0:00:00]} 2. dxe5 {[%emt 0:00:02]} Nc6 {[%emt 0:00:02]} 3. Nf3 {[%emt 0:00:03]} Bc5 {[%emt 0:00:04]} 4. Nc3 {[%emt 0:00:02]} Nge7 {[%emt 0:00:04]} 5. e3 {[%emt 0:00:01]} O-O {[%emt 0:00:02]} 6. Bd2 {[%emt 0:00:02]} Ng6 {[%emt 0:00:02]} 7. Bd3 {[%emt 0:00:08]} Ngxe5 {[%emt 0:00:02]} 8. Qe2 {[%emt 0:00:02]} d6 {[%emt 0:00:04]} 9. O-O-O {[%emt 0:00:02]} Bg4 {[%emt 0:00:02]} 10. Kb1 {[%emt 0:00:02]} a6 {[%emt 0:00:05]} 11. h3 {[%emt 0:00:02]} Bh5 {[%emt 0:00:07]} 12. g4 {[%emt 0:00:03]} Bg6 {[%emt 0:00:09]} 13. Nxe5 {[%emt 0:00:01]} dxe5 {[%emt 0:00:11]} 14. e4 {[%emt 0:00:14]} Nd4 {[%emt 0:00:04]} 15. Qe1 {[%emt 0:00:09]} Nf3 {[%emt 0:00:06]} 16. Qe2 {[%emt 0:00:01]} Nxd2+ {[%emt 0:00:03]} 17. Rxd2 {[%emt 0:00:02]} c6 {[%emt 0:00:02]} 18. h4 {[%emt 0:00:03]} h6 {[%emt 0:00:04]} 19. h5 {[%emt 0:00:01]} Bh7 {[%emt 0:00:02]} 20. Rg1 {[%emt 0:00:13]} Qg5 {[%emt 0:00:06]} 21. Na4 {[%emt 0:00:12]} Bd4 {[%emt 0:00:03]} 22. c3 {[%emt 0:00:03]} Ba7 {[%emt 0:00:02]} 23. f4 {[%emt 0:00:10]} exf4 {[%emt 0:00:07]} 24. Rdd1 {[%emt 0:00:34]} b5 {[%emt 0:00:08]} 25. Rdf1 {[%emt 0:00:07]} bxa4 {[%emt 0:00:03]} 26. Bxa6 {[%emt 0:00:04]} Bxg1 {[%emt 0:00:02]} 27. Rxg1 {[%emt 0:00:03]} f3 {[%emt 0:00:01]} 28. Qf1 {[%emt 0:00:09]} Bxe4+ {[%emt 0:00:04]} 29. Ka1 {[%emt 0:00:05]} a3 {[%emt 0:00:01]} 30. b3 {[%emt 0:00:07]} Qd2 {[%emt 0:00:01]} 31. Qd1 {[%emt 0:00:03]} Qxc3# {[%emt 0:00:01] (Lag: Av=0.79s, max=2.9s)} 0-1

[Event "Stay Safe Play From Home 246"]
[Site "Emanuel Lasker Arena"]
[Date "2020.06.22"]
[Round "6"]
[White "Neco74"]
[Black "Matanant"]
[Result "1-0"]
[WhiteElo "2048"]
[BlackElo "1854"]
[Annotator "NA"]
[PlyCount "75"]
[EventDate "2020.06.22"]
[EventType "swiss (blitz)"]

1. b3 {[%emt 0:00:01]} e5 {[%emt 0:00:02]} 2. Bb2 {[%emt 0:00:00]} Nc6 {[%emt 0:00:01]} 3. e3 {[%emt 0:00:01]} d5 {[%emt 0:00:07]} 4. Bb5 {[%emt 0:00:01]} Bd6 {[%emt 0:00:03]} 5. Nf3 {[%emt 0:00:02]} Qe7 {[%emt 0:00:03]} 6. h3 {[%emt 0:00:02]} Nf6 {[%emt 0:00:03]} 7. O-O {[%emt 0:00:17]} Bd7 {[%emt 0:00:02]} 8. d3 {[%emt 0:00:04]} a6 {[%emt 0:00:03]} 9. Bxc6 {[%emt 0:00:01]} Bxc6 {[%emt 0:00:01]} 10. Nbd2 {[%emt 0:00:01]} O-O {[%emt 0:00:02]} 11. Qe2 {[%emt 0:00:02]} b5 {[%emt 0:00:01]} 12. e4 {[%emt 0:00:03]} d4 {[%emt 0:00:03]} 13. Nh4 {[%emt 0:00:16]} Bd7 {[%emt 0:00:02]} 14. Nf5 {[%emt 0:00:07]} Bxf5 {[%emt 0:00:01]} 15. exf5 {[%emt 0:00:01]} c5 {[%emt 0:00:03]} 16. a4 {[%emt 0:00:08]} Bc7 {[%emt 0:00:08]} 17. axb5 {[%emt 0:00:02]} axb5 {[%emt 0:00:02]} 18. Ne4 {[%emt 0:00:02]} Nd7 {[%emt 0:00:12]} 19. Qf3 {[%emt 0:00:04]} Nb6 {[%emt 0:00:20]} 20. f6 {[%emt 0:00:05]} gxf6 {[%emt 0:00:05]} 21. Nxf6+ {[%emt 0:00:02]} Kh8 {[%emt 0:00:02]} 22. Qf5 {[%emt 0:00:10]} Kg7 {[%emt 0:00:02]} 23. Nh5+ {[%emt 0:00:11]} Kh8 {[%emt 0:00:05]} 24. Nf6 {[%emt 0:00:01]} Kg7 {[%emt 0:00:01]} 25. Qg5+ {[%emt 0:00:10]} Kh8 {[%emt 0:00:02]} 26. Qh6 {[%emt 0:00:01]} Qxf6 {[%emt 0:00:18]} 27. Qxf6+ {[%emt 0:00:02]} Kg8 {[%emt 0:00:00]} 28. Qc6 {[%emt 0:00:07]} Rxa1 {[%emt 0:00:09]} 29. Rxa1 {[%emt 0:00:02]} Bd8 {[%emt 0:00:00]} 30. Qxc5 {[%emt 0:00:01]} Nd7 {[%emt 0:00:04]} 31. Qxb5 {[%emt 0:00:02]} Nf6 {[%emt 0:00:09]} 32. Qxe5 {[%emt 0:00:01]} h6 {[%emt 0:00:02]} 33. Bxd4 {[%emt 0:00:01]} Re8 {[%emt 0:00:06]} 34. Qf5 {[%emt 0:00:01]} Re6 {[%emt 0:00:03]} 35. Ra8 {[%emt 0:00:02]} Rd6 {[%emt 0:00:04]} 36. Rxd8+ {[%emt 0:00:03]} Rxd8 {[%emt 0:00:05]} 37. Qxf6 {[%emt 0:00:01]} Rxd4 {[%emt 0:00:01]} 38. Qxd4 {[%emt 0:00:01] Matanant resigns (Lag: Av=0.78s, max=1.4s)} 1-0

[Event "Stay Safe Play From Home 246"]
[Site "Emanuel Lasker Arena"]
[Date "2020.06.22"]
[Round "6"]
[White "Don59as"]
[Black "Tustintin"]
[Result "1-0"]
[WhiteElo "2047"]
[BlackElo "1661"]
[Annotator "NA"]
[PlyCount "75"]
[EventDate "2020.06.22"]
[EventType "swiss (blitz)"]
[TimeControl "180"]

1. c4 {[%emt 0:00:02]} c6 {[%emt 0:00:02]} 2. e4 {[%emt 0:00:02]} d5 {[%emt 0:00:00]} 3. cxd5 {[%emt 0:00:01]} cxd5 {[%emt 0:00:03]} 4. e5 {[%emt 0:00:00]} Bf5 {[%emt 0:00:03]} 5. Nf3 {[%emt 0:00:02]} e6 {[%emt 0:00:01]} 6. d4 {[%emt 0:00:01]} Nc6 {[%emt 0:00:03]} 7. Nc3 {[%emt 0:00:01]} Bb4 {[%emt 0:00:03]} 8. Bd3 {[%emt 0:00:01]} Bg4 {[%emt 0:00:03]} 9. Be3 {[%emt 0:00:05]} Nge7 {[%emt 0:00:04]} 10. O-O {[%emt 0:00:02]} Nf5 {[%emt 0:00:01]} 11. Bxf5 {[%emt 0:00:04]} Bxf5 {[%emt 0:00:01]} 12. Rc1 {[%emt 0:00:03]} Rc8 {[%emt 0:00:07]} 13. Qa4 {[%emt 0:00:02]} Bxc3 {[%emt 0:00:06]} 14. Rxc3 {[%emt 0:00:02]} O-O {[%emt 0:00:01]} 15. Rfc1 {[%emt 0:00:01]} Qd7 {[%emt 0:00:17]} 16. h3 {[%emt 0:00:07]} Rfd8 {[%emt 0:00:02]} 17. Qa3 {[%emt 0:00:08]} a6 {[%emt 0:00:03]} 18. Nh4 {[%emt 0:00:09]} Bg6 {[%emt 0:00:23]} 19. Nxg6 {[%emt 0:00:06]} hxg6 {[%emt 0:00:00]} 20. b4 {[%emt 0:00:18]} Na7 {[%emt 0:00:01]} 21. Qb3 {[%emt 0:00:07]} Nb5 {[%emt 0:00:02]} 22. Rc5 {[%emt 0:00:03]} b6 {[%emt 0:00:06]} 23. R5c2 {[%emt 0:00:01]} Rxc2 {[%emt 0:00:08]} 24. Rxc2 {[%emt 0:00:00]} Rc8 {[%emt 0:00:01]} 25. a4 {[%emt 0:00:01]} Rxc2 {[%emt 0:00:08]} 26. Qxc2 {[%emt 0:00:02]} Na3 {[%emt 0:00:02]} 27. Qb3 {[%emt 0:00:06]} Nc4 {[%emt 0:00:03]} 28. Bg5 {[%emt 0:00:05]} b5 {[%emt 0:00:04]} 29. a5 {[%emt 0:00:04]} Qa7 {[%emt 0:00:02]} 30. Be3 {[%emt 0:00:04]} f6 {[%emt 0:00:14]} 31. exf6 {[%emt 0:00:05]} gxf6 {[%emt 0:00:01]} 32. Qd3 {[%emt 0:00:01]} f5 {[%emt 0:00:02]} 33. g4 {[%emt 0:00:01]} Qe7 {[%emt 0:00:03]} 34. Bf4 {[%emt 0:00:08]} Qxb4 {[%emt 0:00:15]} 35. gxf5 {[%emt 0:00:01]} gxf5 {[%emt 0:00:24]} 36. Qg3+ {[%emt 0:00:03]} Kf7 {[%emt 0:00:00]} 37. Qh4 {[%emt 0:00:02]} Qf8 {[%emt 0:00:04] '} 38. Kh2 {[%emt 0:00:04] (Lag: Av=0.68s, max=0.9s)} 1-0

[Event "Stay Safe Play From Home 246"]
[Site "Emanuel Lasker Arena"]
[Date "2020.06.22"]
[Round "6"]
[White "Haris kollari 13"]
[Black "Mepe_Nika"]
[Result "0-1"]
[WhiteElo "1924"]
[BlackElo "2314"]
[Annotator "NA"]
[PlyCount "70"]
[EventDate "2020.06.22"]
[EventType "swiss (blitz)"]

1. e4 {[%emt 0:00:01]} e5 {[%emt 0:00:06]} 2. Nf3 {[%emt 0:00:01]} Nc6 {[%emt 0:00:01]} 3. Bb5 {[%emt 0:00:01]} a6 {[%emt 0:00:04]} 4. Ba4 {[%emt 0:00:01]} Nf6 {[%emt 0:00:02]} 5. O-O {[%emt 0:00:02]} Be7 {[%emt 0:00:01]} 6. Re1 {[%emt 0:00:01]} b5 {[%emt 0:00:02]} 7. Bb3 {[%emt 0:00:01]} O-O {[%emt 0:00:01]} 8. h3 {[%emt 0:00:01]} Bb7 {[%emt 0:00:02]} 9. d3 {[%emt 0:00:01]} d5 {[%emt 0:00:02]} 10. exd5 {[%emt 0:00:02]} Nxd5 {[%emt 0:00:00]} 11. Nxe5 {[%emt 0:00:03]} Nd4 {[%emt 0:00:01]} 12. Nc3 {[%emt 0:00:08]} Nb4 {[%emt 0:00:15]} 13. Be3 {[%emt 0:00:04]} Nxb3 {[%emt 0:00:08]} 14. axb3 {[%emt 0:00:02]} Bd6 {[%emt 0:00:01]} 15. f4 {[%emt 0:00:07]} Re8 {[%emt 0:00:04]} 16. Nf3 {[%emt 0:00:15]} Bxf3 {[%emt 0:00:03]} 17. gxf3 {[%emt 0:00:01]} Rxe3 {[%emt 0:00:18]} 18. Rxe3 {[%emt 0:00:01]} Bc5 {[%emt 0:00:01]} 19. Kf2 {[%emt 0:00:10]} Qd4 {[%emt 0:00:23]} 20. Qd2 {[%emt 0:00:06]} Qxe3+ {[%emt 0:00:01]} 21. Qxe3 {[%emt 0:00:01]} Bxe3+ {[%emt 0:00:00]} 22. Ke2 {[%emt 0:00:04]} Bxf4 {[%emt 0:00:03]} 23. Nxb5 {[%emt 0:00:07]} Re8+ {[%emt 0:00:01]} 24. Kf2 {[%emt 0:00:02]} axb5 {[%emt 0:00:01]} 25. Ra5 {[%emt 0:00:01]} c6 {[%emt 0:00:04]} 26. c3 {[%emt 0:00:04]} Nxd3+ {[%emt 0:00:01]} 27. Kg2 {[%emt 0:00:02]} Re2+ {[%emt 0:00:01]} 28. Kg1 {[%emt 0:00:01]} Bh2+ {[%emt 0:00:05]} 29. Kh1 {[%emt 0:00:03]} g5 {[%emt 0:00:04]} 30. Ra6 {[%emt 0:00:04]} Ne5 {[%emt 0:00:02]} 31. Ra8+ {[%emt 0:00:07]} Kg7 {[%emt 0:00:01]} 32. Re8 {[%emt 0:00:01]} Bf4 {[%emt 0:00:03]} 33. c4 {[%emt 0:00:03]} Rxb2 {[%emt 0:00:02]} 34. cxb5 {[%emt 0:00:02]} Nxf3 {[%emt 0:00:01]} 35. bxc6 {[%emt 0:00:09]} Rh2# {[%emt 0:00:02] (Lag: Av=0.44s, max=0.7s) Haris kollari 13 resigns} 0-1

[Event "Stay Safe Play From Home 246"]
[Site "Emanuel Lasker Arena"]
[Date "2020.06.22"]
[Round "6"]
[White "Haxhi Baha"]
[Black "Lazieri3"]
[Result "1-0"]
[WhiteElo "1893"]
[BlackElo "2078"]
[Annotator "NA"]
[PlyCount "87"]
[EventDate "2020.06.22"]
[EventType "swiss (blitz)"]

1. e4 {[%emt 0:00:01]} c6 {[%emt 0:00:00]} 2. Nf3 {[%emt 0:00:01]} d5 {[%emt 0:00:02]} 3. Nc3 {[%emt 0:00:00]} e6 {[%emt 0:00:03]} 4. d4 {[%emt 0:00:04]} dxe4 {[%emt 0:00:02]} 5. Nxe4 {[%emt 0:00:02]} Nf6 {[%emt 0:00:00]} 6. Ng3 {[%emt 0:00:01]} Bd6 {[%emt 0:00:01]} 7. c3 {[%emt 0:00:00]} h6 {[%emt 0:00:02]} 8. Bd3 {[%emt 0:00:01]} Nbd7 {[%emt 0:00:05]} 9. Qc2 {[%emt 0:00:01]} b6 {[%emt 0:00:03]} 10. Be3 {[%emt 0:00:02]} Bb7 {[%emt 0:00:01]} 11. Ne4 {[%emt 0:00:03]} Nxe4 {[%emt 0:00:02]} 12. Bxe4 {[%emt 0:00:00]} Nf6 {[%emt 0:00:00]} 13. Bd3 {[%emt 0:00:01]} Qc7 {[%emt 0:00:01]} 14. h3 {[%emt 0:00:00]} Bf4 {[%emt 0:00:01]} 15. Qe2 {[%emt 0:00:02]} Bxe3 {[%emt 0:00:01]} 16. fxe3 {[%emt 0:00:01]} Qg3+ {[%emt 0:00:03]} 17. Qf2 {[%emt 0:00:02]} Qxf2+ {[%emt 0:00:01]} 18. Kxf2 {[%emt 0:00:00]} O-O-O {[%emt 0:00:05]} 19. e4 {[%emt 0:00:01]} c5 {[%emt 0:00:12]} 20. Ke3 {[%emt 0:00:01]} cxd4+ {[%emt 0:00:03]} 21. cxd4 {[%emt 0:00:00]} Nd7 {[%emt 0:00:06]} 22. g4 {[%emt 0:00:02]} f6 {[%emt 0:00:01]} 23. h4 {[%emt 0:00:02]} e5 {[%emt 0:00:04]} 24. Rac1+ {[%emt 0:00:02]} Kb8 {[%emt 0:00:01]} 25. d5 {[%emt 0:00:07]} Rc8 {[%emt 0:00:01]} 26. Rxc8+ {[%emt 0:00:05]} Rxc8 {[%emt 0:00:02]} 27. g5 {[%emt 0:00:00]} Nc5 {[%emt 0:00:11]} 28. gxh6 {[%emt 0:00:01]} gxh6 {[%emt 0:00:12]} 29. Rg1 {[%emt 0:00:02]} f5 {[%emt 0:00:09]} 30. Nxe5 {[%emt 0:00:02]} fxe4 {[%emt 0:00:03]} 31. Bxe4 {[%emt 0:00:00]} Re8 {[%emt 0:00:07]} 32. Kd4 {[%emt 0:00:04]} Rd8 {[%emt 0:00:36]} 33. Nf7 {[%emt 0:00:10]} Re8 {[%emt 0:00:14]} 34. Nd6 {[%emt 0:00:05]} Rd8 {[%emt 0:00:07]} 35. Nxb7 {[%emt 0:00:01]} Kxb7 {[%emt 0:00:01]} 36. Rg7+ {[%emt 0:00:01]} Ka6 {[%emt 0:00:01]} 37. Rg6 {[%emt 0:00:04]} Re8 {[%emt 0:00:01]} 38. Bf3 {[%emt 0:00:07]} Re1 {[%emt 0:00:03]} 39. b4 {[%emt 0:00:01]} Na4 {[%emt 0:00:03]} 40. d6 {[%emt 0:00:04]} Rf1 {[%emt 0:00:01]} 41. Be2+ {[%emt 0:00:01]} Kb7 {[%emt 0:00:00]} 42. Bxf1 {[%emt 0:00:01]} Kc6 {[%emt 0:00:00]} 43. d7+ {[%emt 0:00:03]} Kxd7 {[%emt 0:00:01]} 44. Bb5+ {[%emt 0:00:01] (Lag: Av=1.01s, max=1.7s)} 1-0